Catálogo público

Indicadores básicos censales (Record no. 62626)

MARC details
000 -CABECERA
campo de control de longitud fija 01779cam a22004457a 4500
003 - IDENTIFICADOR DEL NÚMERO DE CONTROL
campo de control CHAP
005 - FECHA Y HORA DE LA ÚLTIMA TRANSACCIÓN
campo de control 20220329141113.0
008 - DATOS DE LONGITUD FIJA--INFORMACIÓN GENERAL
campo de control de longitud fija 971014s1996 r 00010 d
010 ## - NÚMERO DE CONTROL DE LA BIBLIOTECA DEL CONGRESO
Número de control de LC 62626
011 ## - ENLACE DEL NUMERO DE CONTROL DE LA BIBLIOTECA DEL CONGRESO [OBSOLETO]
Número de control de LC 63598
035 ## - NÚMERO DE CONTROL DEL SISTEMA
Número de control de sistema 67774
040 ## - FUENTE DE LA CATALOGACIÓN
Centro/agencia transcriptor CHAP
082 ## - NÚMERO DE LA CLASIFICACIÓN DECIMAL DEWEY
Número de clasificación 630.83 I56
Número de documento/Ítem I56 Son.
110 ## - ENTRADA PRINCIPAL--NOMBRE DE ENTIDAD CORPORATIVA
Nombre de entidad corporativa o nombre de jurisdicción como elemento de entrada Instituto Nacional de Estadística, Geografía e Informática. México
9 (RLIN) 59304
245 #0 - MENCIÓN DE TÍTULO
Título Indicadores básicos censales
Resto del título : Sonora
260 ## - PUBLICACIÓN, DISTRIBUCIÓN, ETC.
Lugar de publicación, distribución, etc. Aguascalientes, Ags. :
Nombre del editor, distribuidor, etc. INEGI,
Fecha de publicación, distribución, etc. 1996
300 ## - DESCRIPCIÓN FÍSICA
Extensión 296 p.
Otras características físicas ; anexos
Material acompañante/anejo + 1 anexo (20 diagramas de universos)
590 ## - NOTA LOCAL (RLIN)
Nota local BATCH-UPD
Procedencia (VM) [OBSOLETO] 10
Condición del los carretes individuales (VM) [OBSOLETO] 20130110
-- UCH01
-- 0746
590 ## - NOTA LOCAL (RLIN)
Nota local BATCH-UPD
Procedencia (VM) [OBSOLETO] 10
Condición del los carretes individuales (VM) [OBSOLETO] 20130410
-- UCH01
-- 0427
590 ## - NOTA LOCAL (RLIN)
Nota local BATCH-UPD
Procedencia (VM) [OBSOLETO] 10
Condición del los carretes individuales (VM) [OBSOLETO] 20130913
-- UCH01
-- 2250
590 ## - NOTA LOCAL (RLIN)
Nota local CONVERSION
Procedencia (VM) [OBSOLETO] 10
Condición del los carretes individuales (VM) [OBSOLETO] 20130109
-- UCH01
-- 1334
650 14 - PUNTO DE ACCESO ADICIONAL DE MATERIA--TÉRMINO DE MATERIA
Término de materia o nombre geográfico como elemento de entrada Agricultura
Subdivisión general Estadisticas
Subdivisión geográfica Sonora.
9 (RLIN) 1467
650 14 - PUNTO DE ACCESO ADICIONAL DE MATERIA--TÉRMINO DE MATERIA
Término de materia o nombre geográfico como elemento de entrada Agricultura
Subdivisión general Sonora.
9 (RLIN) 1824
650 14 - PUNTO DE ACCESO ADICIONAL DE MATERIA--TÉRMINO DE MATERIA
Término de materia o nombre geográfico como elemento de entrada Bosques
Subdivisión general Estadísticas
-- Sonora.
9 (RLIN) 14161
650 14 - PUNTO DE ACCESO ADICIONAL DE MATERIA--TÉRMINO DE MATERIA
Término de materia o nombre geográfico como elemento de entrada Crédito agrícola
Subdivisión general Sonora.
9 (RLIN) 29080
650 14 - PUNTO DE ACCESO ADICIONAL DE MATERIA--TÉRMINO DE MATERIA
Término de materia o nombre geográfico como elemento de entrada Cultivos
Subdivisión general Estadísticas.
9 (RLIN) 30269
650 14 - PUNTO DE ACCESO ADICIONAL DE MATERIA--TÉRMINO DE MATERIA
Término de materia o nombre geográfico como elemento de entrada Cultivos
Subdivisión general Sonora.
9 (RLIN) 30327
650 14 - PUNTO DE ACCESO ADICIONAL DE MATERIA--TÉRMINO DE MATERIA
Término de materia o nombre geográfico como elemento de entrada Ejidos
Subdivisión general Sonora.
9 (RLIN) 36030
650 14 - PUNTO DE ACCESO ADICIONAL DE MATERIA--TÉRMINO DE MATERIA
Término de materia o nombre geográfico como elemento de entrada Ganadería
Subdivisión general Estadísticas
Subdivisión geográfica Sonora.
9 (RLIN) 44726
650 14 - PUNTO DE ACCESO ADICIONAL DE MATERIA--TÉRMINO DE MATERIA
Término de materia o nombre geográfico como elemento de entrada Ganadería
Subdivisión general Sonora.
9 (RLIN) 44851
650 14 - PUNTO DE ACCESO ADICIONAL DE MATERIA--TÉRMINO DE MATERIA
Término de materia o nombre geográfico como elemento de entrada Maquinaria agrícola
Subdivisión general Estadísticas.
9 (RLIN) 71170
650 14 - PUNTO DE ACCESO ADICIONAL DE MATERIA--TÉRMINO DE MATERIA
Término de materia o nombre geográfico como elemento de entrada Tierras
Subdivisión general Tenencia
-- Sonora.
9 (RLIN) 113199
790 ## -
-- Censos agropecuarios (7o), 1991
901 ## - ELEMENTOS DE DATOS A LOCAL LDA (RLIN)
a BK
942 ## - ELEMENTOS DE PUNTO DE ACCESO ADICIONAL (KOHA)
Tipo de ítem Koha Libro
949 ## - PROCESAMIENTO DE INFORMACIÓN LOCAL (OCLC)
a 630.83 I56 Son.
b BC
c ESP
d -153159
e ESP
f anexo
h 92321
i 67774
s b
t 60.00
949 ## - PROCESAMIENTO DE INFORMACIÓN LOCAL (OCLC)
a 630.83 I56 Son.
b BC
c ESP
d 677742
e ESP
f anexo c.2
g DonaciØn
h 100492
i 67774
s b
949 ## - PROCESAMIENTO DE INFORMACIÓN LOCAL (OCLC)
a 630.83 I56 Son.
b BC
c INEGI
d 33724000686705
e INEGI
g I. c/e
h 92321
i 67774
s i
t 60.00
949 ## - PROCESAMIENTO DE INFORMACIÓN LOCAL (OCLC)
a 630.83 I56 Son.
b BC
c INEGI
d 33724000899787
e INEGI
f c.2
g DonaciØn
h 100492
i 67774
s b
Holdings
Estado de retiro Estado de pérdida Fuente del sistema de clasificación o colocación Estado dañado Restricciones de uso No para préstamo Código de colección Localización permanente Ubicación/localización actual Ubicación en estantería Fecha de adquisición Fuente de adquisición Total de préstamos Signatura topográfica completa Código de barras Fecha visto por última vez Número de copia Precio válido a partir de Tipo de ítem Koha
    Dewey Decimal Classification   Préstamo interno   Especial Biblioteca Central Biblioteca Central Planta alta - Área de Tesis - Especial 31/12/2019 Donacion   630.83 I56 Son. 33724002493322 31/12/2019 anexo 31/12/2019 Libro
    Dewey Decimal Classification   Préstamo interno   Especial Biblioteca Central Biblioteca Central Planta alta - Área de Tesis - Especial 31/12/2019 Donacion   630.83 I56 Son. 33724002493108 31/12/2019 anexo c.2 31/12/2019 Libro
    Dewey Decimal Classification   Préstamo interno   Publicaciones INEGI Biblioteca Central Biblioteca Central Planta baja - Colección INEGI 31/12/2019 I. c/e   630.83 I56 Son. 33724000899787 31/12/2019 c.2 31/12/2019 Libro
    Dewey Decimal Classification   Préstamo interno   Publicaciones INEGI Biblioteca Central Biblioteca Central Planta baja - Colección INEGI 31/12/2019     630.83 I56 Son. 33724000686705 31/12/2019   31/12/2019 Libro